Normal view
MARC view
- علم الكلام- علم رواية الحديث
Entry Topical Term
001 - CONTROL NUMBER
- control field: 7224
003 - CONTROL NUMBER IDENTIFIER
- control field: JO-AjAnu
005 - DATE AND TIME OF LATEST TRANSACTION
- control field: 20230606071453.0
008 - FIXED-LENGTH DATA ELEMENTS
- fixed length control field: 230606|| aca||aabn | a|a d
040 ## - CATALOGING SOURCE
- Original cataloging agency: JO-AjAnu
- Transcribing agency: JO-AjAnu
150 ## - HEADING--TOPICAL TERM
- Topical term or geographic name entry element: علم الكلام- علم رواية الحديث
670 ## - SOURCE DATA FOUND
- Source citation: Work cat.: (JO-AjAnu)3739: الخميس، محمد بن عبد الرحمن, author 7223, اعتقاد الأئمة الأربعة أبي حنيفة ومالك والشافعي و أحمد